Statistics for Top 10 Best NFL Players in Each Team's History

Click here to take the quiz!

General Stats

  • This quiz has been taken 140 times
  • The average score is 161 of 320

Answer Stats

TeamPos.Player% Correct
PatriotsQBTom Brady
97%
PatriotsTERob Gronkowski
95%
BillsDEBruce Smith
87%
CowboysRBEmmitt Smith
87%
JaguarsWRJimmy Smith
87%
BroncosWRRod Smith
87%
PanthersWRSteve Smith
87%
VikingsWRRandy Moss
86%
DolphinsQBDan Marino
85%
GiantsQBEli Manning
85%
SaintsQBArchie Manning
84%
Broncos | ColtsQBPeyton Manning
84%
TexansTDuane Brown
83%
BrownsRBJim Brown
83%
RaidersWRTim Brown
83%
RaidersCBWillie Brown
83%
49ersWRJerry Rice
82%
BuccaneersDESimeon Rice
82%
LionsRBBarry Sanders
79%
BengalsWRChad Johnson
79%
Cowboys | FalconsCBDeion Sanders
79%
SteelersRBFranco Harris
79%
CowboysGLarry Allen
79%
GiantsLBLawrence Taylor
79%
RaidersRBMarcus Allen
79%
BengalsWRA.J. Green
78%
RedskinsWRCharley Taylor
78%
RedskinsCBDarrell Green
78%
RamsDEDeacon Jones
78%
JaguarsRBFred Taylor
78%
DolphinsLBJason Taylor
78%
PackersFBJim Taylor
78%
FalconsWRJulio Jones
78%
RavensLBRay Lewis
78%
RedskinsSSean Taylor
78%
SeahawksTWalter Jones
78%
TexansWRAndre Johnson
77%
LionsWRCalvin Johnson
77%
TitansRBChris Johnson
77%
ChiefsLBDerrick Thomas
77%
SeahawksSEarl Thomas
77%
RavensRBJamal Lewis
77%
49ersQBJoe Montana
77%
JetsQBJoe Namath
77%
BrownsTJoe Thomas
77%
JaguarsTEMarcedes Lewis
77%
BillsRBThurman Thomas
77%
DolphinsLBZach Thomas
77%
SaintsQBDrew Brees
76%
CardinalsSLarry Wilson
76%
SeahawksQBRussell Wilson
76%
SteelersQBBen Roethlisberger
75%
ChargersQBPhilip Rivers
75%
PackersQBAaron Rodgers
74%
ColtsWRMarvin Harrison
74%
LionsQBMatthew Stafford
74%
FalconsQBMatt Ryan
74%
ChargersSRodney Harrison
74%
49ersQBSteve Young
74%
SteelersQBTerry Bradshaw
74%
BearsRBWalter Payton
74%
BillsQBJim Kelly
72%
BuccaneersSJohn Lynch
72%
BrownsRBLeroy Kelly
72%
SeahawksRBMarshawn Lynch
72%
SaintsLBRickey Jackson
72%
TitansQBWarren Moon
72%
PackersQBBart Starr
71%
PackersQBBrett Favre
71%
PanthersQBCam Newton
71%
TexansDEJ.J. Watt
71%
BroncosQBJohn Elway
71%
Cardinals | RamsQBKurt Warner
71%
BillsRBO.J. Simpson
71%
PatriotsKAdam Vinatieri
70%
RavensQBJoe Flacco
70%
ColtsQBJohnny Unitas
70%
CowboysQBTroy Aikman
70%
EaglesTJason Peters
69%
SaintsTEJimmy Graham
69%
BrownsQBOtto Graham
69%
SeahawksCBRichard Sherman
69%
CowboysQBRoger Staubach
69%
BillsWRAndre Reed
68%
RavensSEd Reed
68%
ChargersRBLaDainian Tomlinson
68%
SteelersDTMean Joe Greene
68%
CowboysWRMichael Irvin
68%
Chiefs | FalconsTETony Gonzalez
68%
VikingsRBAdrian Peterson
67%
CardinalsCBAeneas Williams
67%
GiantsDEJustin Tuck
67%
CardinalsWRLarry Fitzgerald
67%
TexansDEMario Williams
67%
CardinalsCBPatrick Peterson
67%
RavensKJustin Tucker
66%
CowboysDTRandy White
66%
Eagles | PackersDEReggie White
66%
FalconsWRRoddy White
66%
BroncosRBTerrell Davis
66%
PanthersLBThomas Davis
66%
ChargersTEAntonio Gates
64%
JetsCBDarrelle Revis
64%
EaglesQBDonovan McNabb
64%
VikingsQBFran Tarkenton
64%
PatriotsWRJulian Edelman
64%
BengalsQBKen Anderson
64%
RamsRBMarshall Faulk
64%
Falcons | SaintsKMorten Andersen
64%
SeahawksWRSteve Largent
64%
VikingsWRCris Carter
63%
RamsRBEric Dickerson
63%
TitansQBSteve McNair
63%
ChargersQBDan Fouts
62%
BroncosTEShannon Sharpe
62%
49ersWRTerrell Owens
62%
ChiefsTETravis Kelce
62%
SteelersSTroy Polamalu
62%
JetsRBCurtis Martin
61%
FalconsQBMichael Vick
61%
TexansWRDeAndre Hopkins
60%
BengalsRBIckey Woods
60%
GiantsDEMichael Strahan
60%
49ersSRonnie Lott
60%
BuccaneersDTWarren Sapp
60%
PanthersTEGreg Olsen
59%
RamsWRIsaac Bruce
59%
RamsDTMerlin Olsen
59%
BearsKRDevin Hester
57%
49ersRBFrank Gore
57%
SteelersRBJerome Bettis
57%
RedskinsQBJoe Theismann
57%
SeahawksRBShaun Alexander
57%
DolphinsRBLarry Csonka
56%
EaglesRBLeSean McCoy
56%
PanthersLBLuke Kuechly
56%
GiantsQBPhil Simms
56%
BuccaneersCBRonde Barber
56%
GiantsRBTiki Barber
56%
BroncosLBVon Miller
56%
DolphinsQBBob Griese
55%
BengalsQBBoomer Esiason
55%
CardinalsDECalais Campbell
55%
Packers | RaidersCBCharles Woodson
55%
TitansRBEarl Campbell
55%
CowboysTEJason Witten
55%
BearsTEMike Ditka
55%
ColtsWRReggie Wayne
55%
SteelersCBRod Woodson
55%
RamsDTAaron Donald
54%
BengalsTAnthony Munoz
54%
PatriotsWRWes Welker
54%
SeahawksLBBobby Wagner
53%
ColtsRBEdgerrin James
53%
ChargersTEKellen Winslow
53%
RedskinsQBSammy Baugh
53%
PatriotsCBTy Law
53%
TexansRBArian Foster
52%
BearsLBBrian Urlacher
52%
TitansGBruce Matthews
52%
BrownsLBClay Matthews Jr.
52%
BuccaneersLBDerrick Brooks
52%
PanthersDEJulius Peppers
52%
RaidersQBKen Stabler
52%
ChiefsQBLen Dawson
52%
BuccaneersWRMike Evans
52%
BearsLBDick Butkus
51%
ChiefsRBJamaal Charles
49%
ChargersLBJunior Seau
49%
BearsLBMike Singletary
49%
LionsQBBobby Layne
48%
TitansRBEddie George
48%
JaguarsRBMaurice Jones-Drew
48%
BroncosCBChamp Bailey
47%
BearsRBGale Sayers
47%
SaintsWRMarques Colston
47%
CowboysRBTony Dorsett
47%
RamsWRTorry Holt
47%
VikingsDTAlan Page
46%
ChiefsLBBobby Bell
46%
EaglesSBrian Dawkins
46%
LionsWRHerman Moore
46%
RavensLBTerrell Suggs
46%
SteelersLBJack Lambert
45%
RedskinsRBJohn Riggins
45%
RavensTJonathan Ogden
45%
Cardinals | RavensWRAnquan Boldin
44%
Cardinals | LionsCBDick "Night Train" Lane
44%
SteelersLBJack Ham
44%
JaguarsQBMark Brunell
44%
VikingsDEJim Marshall
43%
SaintsRBMark Ingram
43%
BengalsRBCorey Dillon
41%
PackersWRDon Hutson
41%
ChiefsSEric Berry
41%
BrownsTEOzzie Newsome
41%
EaglesQBRandall Cunningham
41%
ColtsWRRaymond Berry
41%
49ersRBRoger Craig
41%
RedskinsWRArt Monk
40%
BrownsQBBernie Kosar
40%
PatriotsGJohn Hannah
40%
SeahawksSKam Chancellor
40%
ChargersWRLance Alworth
40%
SteelersCBMel Blount
40%
PanthersQBJake Delhomme
39%
TitansTEDelanie Walker
38%
TitansWRDerrick Mason
38%
ColtsDEDwight Freeney
38%
VikingsDTJohn Randle
38%
BearsQBSid Luckman
38%
JetsWRWesley Walker
38%
GiantsWRVictor Cruz
37%
RavensGMarshal Yanda
36%
Browns | DolphinsWRPaul Warfield
36%
BearsDERichard Dent
36%
JaguarsTTony Boselli
36%
CowboysDTBob Lilly
34%
RaidersGGene Upshaw
34%
49ersLBPatrick Willis
34%
BroncosSSteve Atwater
34%
DolphinsWRMark Clayton
33%
GiantsQBY.A. Tittle
33%
BearsCBCharles Tillman
32%
CardinalsSPat Tillman
32%
JetsWRDon Maynard
31%
PackersLBRay Nitschke
31%
RedskinsQBSonny Jurgensen
31%
GiantsLBHarry Carson
30%
PanthersWRMuhsin Muhammad
30%
RamsTOrlando Pace
30%
EaglesRBBrian Westbrook
29%
RaidersWRFred Biletnikoff
29%
ColtsTEJohn Mackey
29%
BuccaneersRBMike Alstott
29%
RaidersLBTed Hendricks
29%
EaglesLBChuck Bednarik
28%
DolphinsCDwight Stephenson
28%
BengalsDTGeno Atkins
28%
EaglesWRHarold Carmichael
28%
49ersTJoe Staley
28%
BuccaneersLBLavonte David
28%
BuccaneersDELee Roy Selmon
28%
JetsDEMark Gastineau
28%
FalconsRBWarrick Dunn
28%
BroncosWREd McCaffrey
26%
PackersTForrest Gregg
26%
RavensDTHaloti Ngata
26%
RaidersDEHowie Long
26%
FalconsQBSteve Bartkowski
26%
BroncosRBFloyd Little
25%
TexansLBJadeveon Clowney
25%
DolphinsGLarry Little
25%
VikingsGRandall McDaniel
25%
SaintsTWillie Roaf
25%
ChargersWRCharlie Joiner
24%
SeahawksDTCortez Kennedy
24%
ChargersSEric Weddle
24%
JaguarsWRKeenan McCardell
24%
JetsCKevin Mawae
24%
BengalsTAndrew Whitworth
23%
TexansLBBrian Cushing
23%
GiantsWRFrank Gifford
23%
EaglesRBSteve Van Buren
23%
BengalsWRCris Collinsworth
22%
PatriotsCBMike Haynes
22%
JaguarsCBRashean Mathis
22%
ChiefsLBWillie Lanier
22%
RaidersTArt Shell
21%
BillsLBCornellius Bennett
21%
BrownsRBMarion Motley
21%
Panthers | SaintsLBSam Mills
21%
ChiefsGWill Shields
21%
JetsTD'Brickashaw Ferguson
20%
ColtsDEGino Marchetti
20%
ColtsGJim Parker
20%
VikingsSPaul Krause
20%
RamsDEJack Youngblood
18%
JetsCNick Mangold
18%
DolphinsDECameron Wake
17%
49ersDTCharles Haley
17%
BillsQBJack Kemp
17%
VikingsDECarl Eller
16%
PatriotsGLogan Mankins
16%
PatriotsLBWillie McGinest
16%
ChiefsDTBuck Buchanan
15%
LionsLBJoe Schmidt
14%
LionsDTAlex Karras
13%
PackersCBHerb Adderley
13%
LionsCBJack Christiansen
13%
TitansDEJevon Kearse
13%
JetsLBJoe Klecko
13%
BuccaneersLBHardy Nickerson
11%
CardinalsTDan Dierdorf
10%
BillsLBDarryl Talley
10%
SaintsRBDeuce McCallister
10%
LionsCBLem Barney
10%
TexansLBDeMeco Ryans
9%
RedskinsDEDexter Manley
9%
TexansCBJohnathan Joseph
9%
PanthersTJordan Gross
9%
BrownsTLou Groza
8%
RedskinsLBChris Hanburger
7%
FalconsLBJessie Tuggle
7%
BillsGJoe DeLamielleure
7%
JaguarsDTJohn Henderson
7%
TitansLBKeith Bulluck
5%
JaguarsLBPaul Posluszny
5%
BillsWRSteve Tasker
5%

Score Distribution

Percentile by Number Answered

Percent of People with Each Score

Your Score History

You have not taken this quiz